Discurso leído por el Excmo. Señor D. Segismundo Moret el día 4 de noviembre de 1904 en el Ateneo Científico, Literario y Artístico de Madrid con motivo de la apertura de sus cátedras . (Record no. 42449)

MARC details
000 -LEADER
campo de control de longitud fija 01414nam a2200289 i 4500
001 - NÚMERO DE CONTROL
campo de control 42449
003 - IDENTIFICADOR DE NÚMERO DE CONTROL
campo de control ES-MaACL
005 - FECHA Y HORA DE LA ÚLTIMA TRANSACCIÓN
campo de control 20250709160538.0
007 - CAMPO FIJO DE DESCRIPCIÓN FÍSICA--INFORMACIÓN GENERAL
campo de control de longitud fija t|
008 - DATOS DE LONGITUD FIJA--INFORMACIÓN GENERAL
campo de control de longitud fija 011220s1904 sp ||||1| spa d
080 ## - NÚMERO DE LA CLASIFICACIÓN DECIMAL UNIVERSAL
Número de la Clasificación Decimal Universal 061.21(460.27) Ateneo
100 1# - ENTRADA PRINCIPAL--NOMBRE DE PERSONA
Nombre de persona Moret, Segismundo,
Fechas asociadas al nombre 1833-1913
9 (RLIN) 162747
245 10 - MENCIÓN DEL TÍTULO
Título Discurso leído por el Excmo. Señor D. Segismundo Moret el día 4 de noviembre de 1904 en el Ateneo Científico, Literario y Artístico de Madrid con motivo de la apertura de sus cátedras .
Resto del título y Memoria de Secretaría referente al curso de 1903 a 1904 /
Mención de responsabilidad, etc. [por Mariano Miguel de Val y Samos].
246 3# - FORMA VARIANTE DEL TITULO
Título propio/Titulo breve Memoria leída por el secretario primero del Ateneo D. Mariano Miguel de Val y Samos
260 ## - PUBLICACIÓN, DISTRIBUCIÓN, ETC.
Lugar de publicación, distribución, etc. Madrid :
Nombre del editor, distribuidor, etc. [s.n.],
Fecha de publicación, distribución, etc. 1904 (
Fabricante Est. Tip. Sucesores de Rivadeneyra)
300 ## - DESCRIPCIÓN FÍSICA
Extensión 61 p. ;
Dimensiones 25 cm.
594 ## - Nota al título y mención de responsabilidad
Nota al título y mención de responsabilidad Memoria de Secretaría con port. propia.
610 24 - PUNTO DE ACCESO ADICIONAL DE MATERIA--NOMBRE DE ENTIDAD CORPORATIVA
Nombre de entidad corporativa o nombre de jurisdicción como elemento de entrada Ateneo de Madrid-
Subdivisión de forma Discursos de apertura-
Subdivisión cronológica S.XX.
9 (RLIN) 1913
610 24 - PUNTO DE ACCESO ADICIONAL DE MATERIA--NOMBRE DE ENTIDAD CORPORATIVA
Nombre de entidad corporativa o nombre de jurisdicción como elemento de entrada Ateneo de Madrid-
Subdivisión de forma Memorias de Secretaría.
9 (RLIN) 1929
610 24 - PUNTO DE ACCESO ADICIONAL DE MATERIA--NOMBRE DE ENTIDAD CORPORATIVA
Nombre de entidad corporativa o nombre de jurisdicción como elemento de entrada Ateneo de Madrid-
Subdivisión de forma Obras digitalizadas.
9 (RLIN) 1930
700 1# - ENTRADA AGREGADA--NOMBRE PERSONAL
Nombre de persona Val, Mariano Miguel de,
Fechas asociadas al nombre 1875-1912
9 (RLIN) 112429
852 4# - LOCALIZACIÓN
Ubicación ES-MaACL
Número de control de estantería B-1628(7)
Ubicación en estantería Sala Pardo Bazán
Nota libre Revisado enlace: 9 de julio de 2025
852 4# - LOCALIZACIÓN
Ubicación ES-MaACL
Número de control de estantería T-1325-F-7
Ubicación en estantería Depósito folletos
856 4# - LOCALIZACIÓN Y ACCESO ELECTRÓNICOS
Identificador Uniforme de Recursos <a href="http://www.ateneodemadrid.com/biblioteca_digital/folletos/Folletos-0191.pdf">http://www.ateneodemadrid.com/biblioteca_digital/folletos/Folletos-0191.pdf</a>
Texto de enlace Ver documento
942 ## - ELEMENTOS DE ENTRADA SECUNDARIOS (KOHA)
Fuente del sistema de clasificación o colocación Clasificación decimal universal
Holdings
Estatus retirado Estado de pérdida Estado de daño No para préstamo Colección Biblioteca de origen Biblioteca actual Ubicación en estantería Fecha de adquisición Fuente de adquisición Total de préstamos Signatura topográfica completa Código de barras Visto por última vez Precio de reemplazo Tipo de ítem Koha
        Colección digital Biblioteca del Ateneo de Madrid Biblioteca del Ateneo de Madrid Sala Pardo Bazán 19/06/2008     B-1628(7) 1177251 23/02/2023 23/02/2023 Libro impreso
        Colección de folletos Biblioteca del Ateneo de Madrid Biblioteca del Ateneo de Madrid Depósito folletos 17/01/2008     T-1325-F-7 1044676 23/02/2023 23/02/2023 Folleto